Common Bengali words - Statistics

General Stats
  • This quiz has been taken 74 times
  • The average score is 12 of 15
Answer Stats
Bengali English % Correct
জল Water
95%
মা Mother
90%
দেশ Country / Nation
88%
ঘড়ি Clock
83%
বাড়ি House
81%
গাড়ি Car
78%
দেখো See
78%
বাঘ Tiger
78%
গাছ Tree
78%
সূর্য Sun
76%
ধর্ম Religion
74%
কান্না Cry
72%
পাউরুটি Bread
71%
মানুষ Human
69%
জামা Shirt
62%
No matching quizzes found
Score Distribution
Percent of People with Each Score
Percentile by Number Answered
Your Score History
You have not taken this quiz